| 000 | 00615nam a2200253Ia 4500 | ||
|---|---|---|---|
| 008 | 171120s9999 xx 000 0 und d | ||
| 020 | _a9.7897127181e+012 | ||
| 050 | _a641.5 | ||
| 050 | _bG643 2007 | ||
| 100 | _aGonzalez, Gene R. | ||
| 245 | _aGoing East : | ||
| 245 | _ba merging of Asian culinary styles / | ||
| 245 | _cby Gene R. Gonzalez. | ||
| 260 | _aPhilippines : | ||
| 260 | _bAnvil, | ||
| 260 | _c2007 | ||
| 300 | _a108 pages : | ||
| 300 | _billustrations ; | ||
| 300 | _c20cm. | ||
| 500 | _aIncludes glossary. | ||
| 650 | _aCookery. | ||
| 650 | _aCooking, Asia. | ||
| 700 | _aTitle. | ||
| 999 |
_c345352 _d345352 |
||